00829nam a2200205 a 4500008004100000020001800041050002100059100002000080245008800100260004600188300002300234650002900257650001900286650003100305650003500336700002000371995008600391999001700477952012900494130320s2007 ||||||||||||||||| || u a9780742551244 aQC 981.8.G56 SIN aAvery, Dennis T10aUnstoppable global warming every 1,500 yearscby S. Fred Singer and Dennis T. Avery aUKbRowman & Littlefield Publishersc2007 axxii, 278p. : ill. aGLOBAL WARMING--RESEARCH 0aGLOBAL WARMING aGLOBAL TEMPERATURE CHANGES aGREENHOUSE EFFECT, ATMOSPHERIC aSinger, S. Fred FCBU-MAIN LIBRARY (Kitwe)M1UAVAILABLEWMar 20, 2013ZAnnex Low-Usage Collection  c60939d60939 00102lcc4070a001b001cAnnex Low-Usage Collection d2022-11-30l0oQC 981.8.G56 SINp739006r2022-11-30w2022-11-30y002